000 00686na a2200253 4500
001 23925
003 MIRAKIL
005 20190228210322.0
008 180123b tu n0 0 0
022 _a24589691
040 _aMilas
_btur
_cTR-AnCHP
041 _atur
082 _aCHP 050
090 _a050 DER 185
130 _aKriter
245 _aKriter
_bAylık siyaset, toplum ve ekonomi dergisi
_cSET Vakfı iktisadi işletmesi
260 _aİstanbul
_bSET Vakfı iktisadi işletmesi
_c2016
300 _ac.
_c30 sm.
310 _aAylık
362 _asayı 8 (Aralık 2016)-
650 _aSiyaset
_xSüreli yayınlar
910 _aDERGİ 185
942 _2ddc
_cSER
_s1
999 _c11329
_d11329